000 00273nam a22001217a 4500
008 170222b xxu||||| |||| 00| 0 eng d
041 _aeng
080 _25 ED
_a617
100 _a5
101 _aSHK
245 _aTEXBOOK ORAL AND MAXILLOFACIAL
_cKRUGER.G,O
942 _2udc
_cBK
999 _c6120
_d6120